Strength of materials / (Record no. 3447)
[ view plain ]
| 000 -LEADER | |
|---|---|
| fixed length control field | 00413nam a22001577a 4500 |
| 008 - FIXED-LENGTH DATA ELEMENTS--GENERAL INFORMATION | |
| fixed length control field | 200615b ||||| |||| 00| 0 eng d |
| 020 ## - INTERNATIONAL STANDARD BOOK NUMBER | |
| International Standard Book Number | 81-219-2594-0 |
| 082 00 - DEWEY DECIMAL CLASSIFICATION NUMBER | |
| Classification number | 620.112 |
| Item number | R1619 |
| 100 ## - MAIN ENTRY--PERSONAL NAME | |
| 9 (RLIN) | 2063 |
| Personal name | Rajput, R.K. |
| 245 10 - TITLE STATEMENT | |
| Title | Strength of materials / |
| 250 ## - EDITION STATEMENT | |
| Edition statement | 5th rev. ed. |
| 260 ## - PUBLICATION, DISTRIBUTION, ETC. (IMPRINT) | |
| Place of publication, distribution, etc | New Delhi : |
| Name of publisher, distributor, etc | S Chand, |
| Date of publication, distribution, etc | 2013. |
| 300 ## - PHYSICAL DESCRIPTION | |
| Extent | 1448 p. |
| 650 #0 - SUBJECT ADDED ENTRY--TOPICAL TERM | |
| Topical term or geographic name as entry element | Strength of Materials |
| 942 ## - ADDED ENTRY ELEMENTS (KOHA) | |
| Item type | Books |
| Withdrawn status | Lost status | Source of classification or shelving scheme | Damaged status | Not for loan | Permanent location | Current location | Date acquired | Source of acquisition | Total Checkouts | Full call number | Barcode | Checked out | Date last seen | Date last borrowed | Cost, replacement price | Koha item type | Total Renewals |
|---|---|---|---|---|---|---|---|---|---|---|---|---|---|---|---|---|---|
| IMU Kolkata | IMU Kolkata | 2013-12-20 | Shroff Publishers and Distributors | 1 | 620.112 R1619 | 11752 | 2023-10-03 | 2023-04-06 | 2023-04-06 | 750.00 | Books | ||||||
| IMU Kolkata | IMU Kolkata | 2013-12-20 | Shroff Publishers and Distributors | 6 | 620.112 R1619 | 11753 | 2024-05-15 | 2024-05-01 | 750.00 | Books | |||||||
| IMU Kolkata | IMU Kolkata | 2013-12-20 | Shroff Publishers and Distributors | 3 | 620.112 R1619 | 11754 | 2024-05-30 | 2024-05-20 | 750.00 | Books | |||||||
| IMU Kolkata | IMU Kolkata | 2013-12-20 | Shroff Publishers and Distributors | 5 | 620.112 R1619 | 11755 | 2024-12-24 | 2024-08-05 | 750.00 | Books | 2 | ||||||
| IMU Kolkata | IMU Kolkata | 2013-12-20 | Shroff Publishers and Distributors | 7 | 620.112 R1619 | 11756 | 2025-12-03 | 2025-11-22 | 750.00 | Books | 1 | ||||||
| IMU Kolkata | IMU Kolkata | 2013-12-20 | Shroff Publishers and Distributors | 4 | 620.112 R1619 | 11757 | 2024-06-04 | 2024-05-24 | 750.00 | Books | 2 | ||||||
| IMU Kolkata | IMU Kolkata | 2013-12-20 | Shroff Publishers and Distributors | 2 | 620.112 R1619 | 11758 | 2025-05-31 | 2025-05-27 | 750.00 | Books | 1 | ||||||
| IMU Kolkata | IMU Kolkata | 2013-12-20 | Shroff Publishers and Distributors | 6 | 620.112 R1619 | 11759 | 2026-04-02 | 2026-02-25 | 750.00 | Books | 3 | ||||||
| IMU Kolkata | IMU Kolkata | 2013-12-20 | Shroff Publishers and Distributors | 2 | 620.112 R1619 | 11760 | 2024-05-27 | 2024-05-10 | 750.00 | Books | |||||||
| IMU Kolkata | IMU Kolkata | 2013-12-20 | Shroff Publishers and Distributors | 1 | 620.112 R1619 | 11761 | 2024-12-07 | 2024-11-22 | 2024-11-22 | 750.00 | Books |